| 000 | 01324nam0a2200373 4500 | ||
|---|---|---|---|
| 001 | RU\NLR\BIBL_A\012537312 | ||
| 005 | 20250624062013.0 | ||
| 010 |
_a978-5-04-118103-1 _93000 экз. |
||
| 021 |
_aRU _b2021-2367 _9КН-П-178 |
||
| 035 | _a(RuMoRGB)010556839 | ||
| 035 | _a(NLR Aleph) 012537312 | ||
| 090 |
_a12389732 _c12389732 |
||
| 100 | _a20210604d2021 |||y0rusy50 ca | ||
| 101 | 1 |
_arus _ceng |
|
| 102 | _aRU | ||
| 105 | _ay z 000ay | ||
| 181 | 0 |
_ai _baxxe |
|
| 182 | 0 | _an | |
| 200 | 1 |
_aПожарный _dThe firemen _fДжо Хилл _gперевод с английского А. Андреева _zeng |
|
| 203 |
_aТекст _bвизуальный _cнепосредственный |
||
| 210 |
_aМосква _cInspiria _cЭксмо _d2021 |
||
| 215 |
_a701, [2] с. _d21 |
||
| 300 | _aАвт. также на англ. яз.: Joe Hill | ||
| 320 | _aСписок соч. авт.: с. 1 | ||
| 333 | _a[16+] | ||
| 510 | 1 |
_6z45790 _aThe firemen _zeng |
|
| 686 | 1 | _aШ6(7США)67-445{Лх1979-62} | |
| 700 | 1 |
_7ca _8rus _aХилл _bД. _f1972- _gДжо _9182538 _3RU\NLR\AUTH\770182589 |
|
| 790 | 1 |
_7ba _8eng _aHill _bJ. _f1972- _gJoe _9182542 _3RU\NLR\AUTH\770182593 |
|
| 942 | _cBOOK | ||
| 980 | _aNB | ||